000 00819nam a2200253Ia 4500
003 OSt
005 20200805105830.0
008 130821s1994 ck gr spa
020 _a9589288170
040 _aCO-JMCR
_cCO-JMCR
041 0 _aspa
082 0 4 _a345.1 /
_bS684t
_223
100 1 _aSolano Sierra, Jairo Enrique,
_eautor
_98419
245 1 3 _aLos términos procesales en el derecho
_cJairo Enrique Solano Sierra
250 _aSegunda edición
260 _aBogotá :
_bLibrería Doctrina y Ley,
_c1994.
300 _a472 páginas ;
_c23 cm.
504 _aBibliografía: páginas 471-472.
505 0 _aTemas de doctrina -- Temas de jurisprudencia
650 1 4 _aDoctrina
_xJurisprudencia
_98420
650 2 4 _aDoctrina
_xSentencia
_98421
650 2 4 _aTérminos procesales
_98422
942 _2ddc
_cBK
999 _c6780
_d6780